| 000 | 00918cam a2200277 i 4500 | ||
|---|---|---|---|
| 001 | bg | ||
| 003 | BPK | ||
| 005 | 20210803113208.0 | ||
| 008 | 001129s2000 pl a |001 0 pol | ||
| 015 | _aPB 2000/23354 | ||
| 020 | _a8372441510 | ||
| 040 |
_aWA N _cBPK |
||
| 041 | 0 | _apol | |
| 080 | _a581.5 | ||
| 080 | _a(075.8) | ||
| 100 | 1 |
_aWysocki, Czesław _d(1944- ) _eAutor |
|
| 245 | 1 | 0 |
_aZarys fitosocjologii stosowanej / _cCzesław Wysocki, Piotr Sikorski. |
| 260 |
_aWarszawa : _bWydaw. SGGW [Szkoły Głównej Gospodarstwa Wiejskiego], _c2000. |
||
| 300 |
_a300 s. : _bil., mapy ; _c24 cm. |
||
| 504 | _aBibliogr. - Indeks. | ||
| 650 | 4 |
_aRośliny _xsocjologia _xbadanie. |
|
| 655 | 4 | _aPodręczniki akademickie | |
| 700 | 1 |
_aSikorski, Piotr _d(1974- ). |
|
| 856 |
_uhttp://koha.tu.koszalin.pl/cgi-bin/koha/opac-detail.pl?biblionumber=42008 _yKatalog online BPK |
||
| 942 |
_2UKD _cKS |
||
| 999 |
_c42008 _d42008 |
||